[Event "FRA-ch qual"]
[Site "Bescanon"]
[Date "1999.08.21"]
[Round "4"]
[White "Bujisho, Benjamin"]
[Black "Giffard, Nicolas"]
[Result "0-1"]
[WhiteElo "2289"]
[BlackElo "2360"]

1.g3 d5 2.Nf3 c6 3.Bg2 Bg4 4.d3 Nd7 5.O-O e6 6.Nbd2 Bd6 7.Qe1 Ne7 8.e4 O-O
9.b3 Re8 10.Bb2 Bc7 11.h3 Bh5 12.a3 a5 13.a4 f6 14.d4 Bf7 15.Qe2 h6 16.Rfe1 Bd6
17.Rad1 Qb8 18.e5 fxe5 19.dxe5 Bc5 20.Nh4 Nf8 21.Bf1 Qa7 22.Ndf3 g5 23.Nxg5 hxg5
24.Nf3 Nh7 25.Bd4 Nf5 26.Bxc5 Qxc5 27.Nxg5 Nxg5 28.Qg4 Qe7 29.h4 Nh6 30.Qxg5+ Qxg5
31.hxg5 Nf5 32.Kg2 Kg7 33.g4 Ne7 34.Kg3 Bg6 35.Rd2 Rf8 36.f3 Rf7 37.Rf2 Raf8
38.f4 Be4 39.f5 exf5 40.e6 f4+ 41.Kh2 Rh8+  0-1

[Event "FRA-ch G1"]
[Site "Bescanon"]
[Date "1999.08.21"]
[Round "6"]
[White "Anic, Darko"]
[Black "Benitah, Yohan"]
[Result "1-0"]
[WhiteElo "2467"]
[BlackElo "2381"]

1.Nf3 d5 2.g3 Nf6 3.Bg2 Bf5 4.c4 c6 5.b3 e6 6.d3 Be7 7.Bb2 O-O 8.Nbd2 h6
9.O-O Bh7 10.Re1 a5 11.a3 Na6 12.Ne5 Nc5 13.d4 Ncd7 14.Nd3 c5 15.cxd5 exd5
16.Nf4 Nb6 17.dxc5 Bxc5 18.Nd3 Bxd3 19.exd3 Nbd7 20.Nf3 Re8 21.Rxe8+ Qxe8
22.Qd2 Qd8 23.Nh4 Qb6 24.d4 Bf8 25.Qc2 Re8 26.Nf5 Ne4 27.Ne3 Qd6 28.Re1 Ndf6
29.Qd3 Qe6 30.Qb5 Nxf2 31.Kxf2 Ng4+ 32.Kg1 Nxe3 33.Bc1 Rc8 34.Bxe3 Bxa3 35.Bxd5 Qe7
36.Bf2 Rc1 37.Rxc1  1-0

[Event "Ikaros op"]
[Site "Ikaros"]
[Date "1999.08.21"]
[Round "8"]
[White "Ermenkov, Evgenij"]
[Black "Lekic, Dusan"]
[Result "0-1"]
[WhiteElo "2474"]
[BlackElo "2381"]

1.g3 d5 2.Nf3 c6 3.Bg2 Bg4 4.O-O Nd7 5.d4 e6 6.Nbd2 Ngf6 7.Re1 Be7 8.e4 dxe4
9.Nxe4 Nxe4 10.Rxe4 Bf5 11.Re1 O-O 12.c3 a5 13.Qe2 a4 14.h3 Re8 15.Bf4 Qa5
16.Rad1 h6 17.g4 Bg6 18.Rd2 Rad8 19.h4 h5 20.Ng5 Nf6 21.gxh5 Bxh5 22.Qf1 Nd5
23.Bg3 c5 24.Qd3 Bxg5 25.hxg5 cxd4 26.cxd4 Bg6 27.Qe2 b5 28.Be5 b4 29.Rc1 Rc8
30.Rdd1 a3 31.Bf3 axb2 32.Qxb2 Rc3 33.Kg2 Rec8 34.Re1 Qd8 35.Qd2 Rc2 36.Rxc2 Rxc2
37.Qd1 Qxg5+ 38.Bg3 Nc3 39.Qa1 Rxa2 40.Qc1 Qxc1 41.Rxc1 Rc2 42.Rxc2 Bxc2
43.d5  0-1

[Event "Porto San Giorgio op"]
[Site "Porto San Giorgio"]
[Date "1999.08.21"]
[Round "2"]
[White "Foisor, Cristina Adela B"]
[Black "Lputian, Smbat G"]
[Result "0-1"]
[WhiteElo "2371"]
[BlackElo "2625"]

1.Nf3 d5 2.g3 g6 3.Bg2 Bg7 4.d3 Nf6 5.O-O O-O 6.c3 c5 7.a3 a5 8.a4 Nc6 9.Na3 h6
10.Qc2 e5 11.e4 Be6 12.Nd2 Kh7 13.Re1 b6 14.Nb5 Rb8 15.Nf1 Rb7 16.f4 Re7
17.fxe5 Nxe5 18.Bf4 Nh5 19.Bxe5 Bxe5 20.d4 cxd4 21.cxd4 Bh8 22.e5 f6 23.Bf3 fxe5
24.Bxh5 Bf5 25.Bxg6+ Bxg6 26.Qd2 exd4 27.Nxd4 Rxe1 28.Rxe1 Qf6 29.Nb5 Be4
30.Ne3 Qf3 31.Ng2 Rc8 32.Rf1 Rc2 33.Qxc2 Qxf1+ 34.Kxf1 Bxc2 35.Nf4 Bxa4 36.Nc7 Bxb2
37.Nfxd5 Bd4 38.Ke2 Bc6 39.Kd3 Bg1 40.h3 b5 41.Nf6+ Kg7 42.Ng4 Bd7 43.Nd5 Bf5+
44.Kd2 b4 45.Nf4 a4 46.Nd5 Bc5 47.Nge3 Be4 48.Nf4 Bxe3+ 49.Kxe3 a3  0-1

[Event "Pyramiden Franken Cup"]
[Site "Fuerth"]
[Date "1999.08.22"]
[Round "2"]
[White "Chuchelov, Vladimir"]
[Black "Gasparian, Tigran"]
[Result "1-0"]
[WhiteElo "2535"]
[BlackElo "2265"]

1.Nf3 d5 2.g3 Nc6 3.d4 Bg4 4.Bg2 Qd7 5.h3 Bf5 6.c4 dxc4 7.Nc3 Nf6 8.d5 Nb4
9.Ne5 Nc2+ 10.Qxc2 Bxc2 11.Nxd7 Nxd7 12.Bf4 O-O-O 13.Rc1 Bf5 14.Nb5 e5 15.dxe6 Bb4+
16.Kf1 Bxe6 17.Bxc7 Rde8 18.Bd6 Nc5 19.Nxa7+ Kd8 20.Rd1 Bd7 21.a3 Nd3 22.axb4 Nxb2
23.Rb1 c3 24.Bxb7 Re6 25.Bc5 Kc7 26.Bf3 Rhe8 27.Kg2 Rxe2 28.Rhc1 Na4 29.Bxe2 Rxe2
30.Bd4 Kb7 31.b5 Bf5 32.Rb4 Be4+ 33.Kg1 Nb2 34.Bxc3 Nd3 35.Rxe4 Nxc1 36.Ra4 Nd3
37.Bd4 Re4 38.Nc6  1-0

[Event "Rubinstein Mem 36th"]
[Site "Polanica Zdroj"]
[Date "1999.08.22"]
[Round "6"]
[White "Markowski, Tomasz"]
[Black "Van Wely, Loek"]
[Result "0-1"]
[WhiteElo "2557"]
[BlackElo "2629"]

1.g3 d5 2.Nf3 g6 3.c4 d4 4.Bg2 Bg7 5.O-O c5 6.e3 Nc6 7.exd4 cxd4 8.d3 Nf6
9.Na3 O-O 10.Re1 Nd7 11.Nc2 a5 12.b3 h6 13.Ba3 Re8 14.Nd2 Nf6 15.Bb2 e5 16.Nf3 Rb8
17.Rc1 Bf5 18.h3 g5 19.Kh2 Nd7 20.Ba3 Bf8 21.Bxf8 Kxf8 22.c5 Bg6 23.Bf1 Rc8
24.Na3 Nb4 25.Nb5 Nxa2 26.Rc4 Re6 27.Nd6 Rc7 28.Nxb7 Qf6 29.Bg2 Nb4 30.Nxa5 Nxd3
31.Re2 Rxc5 32.b4 Rxc4 33.Nxc4 e4  0-1

[Event "FRA-ch qual"]
[Site "Bescanon"]
[Date "1999.08.23"]
[Round "6"]
[White "Bujisho, Benjamin"]
[Black "Roos, Daniel"]
[Result "0-1"]
[WhiteElo "2289"]
[BlackElo "2417"]

1.g3 d5 2.Nf3 g6 3.Bg2 Bg7 4.d4 Nf6 5.O-O O-O 6.Bf4 Nbd7 7.Qc1 c5 8.c3 Re8
9.Rd1 b6 10.c4 e6 11.Ne5 Ba6 12.dxc5 Rc8 13.cxb6 Qxb6 14.Nxd7 Nxd7 15.Nc3 Rxc4
16.Qd2 Rec8 17.Rac1 Rd4 18.Qc2 Rb4 19.Rd2 d4 20.Qd1 Rbc4 21.h3 Nf8  0-1

[Event "ESP-ch"]
[Site "Palencia"]
[Date "1999.08.24"]
[Round "6"]
[White "Merino Garcia, Rafael"]
[Black "Garcia Moreno, Jose A"]
[Result "1-0"]
[WhiteElo "2330"]
[BlackElo "2008"]

1.Nf3 d5 2.g3 Nf6 3.Bg2 c5 4.O-O Nc6 5.d4 cxd4 6.Nxd4 e5 7.Nxc6 bxc6 8.c4 Be7
9.Nc3 e4 10.Bg5 O-O 11.cxd5 cxd5 12.Bxf6 Bxf6 13.Qxd5 Qxd5 14.Nxd5 Bxb2 15.Rab1 Rb8
16.Bxe4 Be6 17.Rfd1 Ba3 18.Kg2 Rfd8 19.Rb3 Bf8 20.Rc3 Bxd5 21.Rxd5 Rxd5 22.Bxd5 Rd8
23.e4 Bd6 24.Rb3 Rd7 25.a4 Kf8 26.a5 f6 27.a6 Ke7 28.f4 Bc5 29.Rb8 Bb6 30.Rb7 Rc7
31.Kf3 Kd6 32.Bg8 h6 33.Kg4 g5 34.Rxc7 Bxc7 35.fxg5 hxg5 36.Kf5 Ke7 37.Be6 Be5
38.h4 gxh4 39.gxh4 Bd4 40.h5 Kf8 41.Kg6 f5 42.Kxf5 Kg7 43.e5 Be3 44.Bd7 Bc5
45.Be8 Be3 46.Ke6 Bf4 47.Bc6 Bg3 48.h6+ Kg6 49.Be4+ Kxh6 50.Kf6  1-0

[Event "FRA-ch qual"]
[Site "Bescanon"]
[Date "1999.08.25"]
[Round "8"]
[White "Goldenberg, Richard"]
[Black "Gaudineau, Eric"]
[Result "1/2-1/2"]
[WhiteElo "2270"]
[BlackElo "2328"]

1.Nf3 d5 2.g3 Nf6 3.Bg2 c6 4.O-O Bf5 5.d3 h6 6.Nbd2 Nbd7 7.b3 e5 8.Bb2 Bd6
9.e4 Be6 10.d4 dxe4 11.Nxe5 e3 12.fxe3 Bxe5 13.dxe5 Ng4 14.Nc4 O-O 15.Rf4 Bxc4
16.Qxg4 Be6 17.Qh5 Qa5 18.Be4 Rad8 19.Raf1 Qxa2 20.Bc3 Qa3 21.Rf6 Qc5 22.Bd4 Nxf6
23.Rxf6 Rxd4 24.Rxh6 gxh6 25.Qxh6 Rd1+ 26.Kf2 Rd2+ 27.Ke1 Rd1+ 28.Kf2 Rd2+
29.Ke1 Rd1+ 30.Kf2 Rd2+  1/2-1/2

[Event "Polanica Zdroj op"]
[Site "Polanica Zdroj"]
[Date "1999.08.25"]
[Round "9"]
[White "Brodsky, Michail"]
[Black "Galinsky, Timofey"]
[Result "1-0"]
[WhiteElo "2512"]
[BlackElo "2370"]

1.Nf3 d5 2.g3 c6 3.Bg2 Bg4 4.d4 Nf6 5.Nbd2 g6 6.h3 Bf5 7.O-O Bg7 8.c4 O-O
9.b3 Ne4 10.Bb2 Na6 11.e3 Re8 12.a3 Rc8 13.Rc1 Qd7 14.Kh2 Nac5 15.Nxe4 Nxe4
16.Qe2 Nf6 17.Rfd1 Red8 18.Ne5 Qe8 19.a4 Be6 20.a5 Nd7 21.Nd3 a6 22.Nf4 Nf6
23.Nxe6 fxe6 24.Bc3 Qf7 25.Be1 Ne4 26.f3 Nd6 27.e4 dxe4 28.fxe4 e5 29.d5 Rf8
30.Rc3 cxd5 31.Rxd5 Ne8 32.Rf3 Qe6 33.Rxf8+ Kxf8 34.h4 Qc6 35.Bh3 e6 36.Bb4+ Kg8
37.Qg4 Kf7 38.Rd6  1-0

[Event "Polanica Zdroj op"]
[Site "Polanica Zdroj"]
[Date "1999.08.25"]
[Round "10"]
[White "Ibrahimov, Rasul"]
[Black "Vysochin, Spartak"]
[Result "1-0"]
[WhiteElo "2396"]
[BlackElo "2487"]

1.Nf3 d5 2.g3 c5 3.Bg2 Nc6 4.d4 e6 5.O-O Nf6 6.c4 cxd4 7.cxd5 exd5 8.Nxd4 Be7
9.Nc3 O-O 10.Be3 Be6 11.Rc1 Qd7 12.Nxc6 bxc6 13.Na4 Bh3 14.Bc5 Bxg2 15.Kxg2 Rfe8
16.Qd3 Rac8 17.Rc2 h6 18.Rfc1 Bxc5 19.Nxc5 Qd6 20.Nb3 Rc7 21.Nd4 Rec8 22.Qa6 Nd7
23.Rxc6 Rxc6 24.Rxc6 Rxc6 25.Qxc6 Qe5 26.Nf3 Qe6 27.Qa8+ Nf8 28.Qxa7 Qxe2
29.a4 Qxb2 30.a5 Ne6 31.Qa8+ Kh7 32.Qxd5 Qa3 33.Ne5 Kg8 34.Qa8+ Nf8 35.Nd7  1-0

[Event "Atlantic op"]
[Site "Washington DC"]
[Date "1999.08.28"]
[Round "3"]
[White "Henry, Ronald"]
[Black "Stripunsky, Alexander"]
[Result "0-1"]
[WhiteElo "2200"]
[BlackElo "2492"]

1.Nf3 d5 2.g3 c6 3.Bg2 Bg4 4.O-O Nd7 5.d3 e6 6.Nbd2 Bd6 7.h3 Bh5 8.e4 Ne7
9.Re1 O-O 10.b3 a5 11.a4 f5 12.exd5 exd5 13.Bb2 Ng6 14.Re6 Nde5 15.g4 Nxg4
16.hxg4 fxg4 17.Nd4 Rxf2 18.Re2 g3 19.N4f3 Nf4 20.Rxf2 gxf2+ 21.Kxf2 Nxg2
22.Qg1 Bc5+ 23.d4 Nf4  0-1

[Event "Abu Dhabi Masters op"]
[Site "Abu Dhabi"]
[Date "1999.08.29"]
[Round "8"]
[White "Irzhanov, Ruslan"]
[Black "Aliev, Rasim"]
[Result "1-0"]
[WhiteElo "2536"]
[BlackElo "2299"]

1.Nf3 d5 2.g3 Nf6 3.Bg2 Bg4 4.O-O e6 5.d3 Nbd7 6.Nbd2 Bc5 7.c4 c6 8.b3 O-O
9.Bb2 Qe7 10.a3 a5 11.d4 Bb6 12.Re1 Ne4 13.Nxe4 dxe4 14.Nd2 e3 15.fxe3 Qg5
16.Nf1 e5 17.b4 Nf6 18.c5 Bc7 19.b5 Rad8 20.Qa4 e4 21.bxc6 h5 22.cxb7 h4
23.d5 hxg3 24.Bxf6 gxh2+ 25.Kh1 gxf6 26.d6 f5 27.dxc7 Bh3 28.Ng3  1-0

[Event "Castellaneta op 3rd"]
[Site "Castellaneta"]
[Date "1999.08.29"]
[Round "2"]
[White "Badea, Bela"]
[Black "Quimi, Marco"]
[Result "1-0"]
[WhiteElo "2479"]
[BlackElo "2216"]

1.Nf3 d5 2.g3 Nf6 3.Bg2 Bf5 4.d3 e6 5.O-O Bc5 6.Nfd2 O-O 7.Nc3 c6 8.e4 Bg6
9.Kh1 Nbd7 10.f4 Bh5 11.Qe1 e5 12.Nb3 exf4 13.gxf4 dxe4 14.dxe4 Bb6 15.e5 Ng4
16.Bf3 Re8 17.Qg3 f5 18.h3 Bf2 19.Rxf2 Nxf2+ 20.Qxf2 Bxf3+ 21.Qxf3 Qh4 22.Be3 Nf8
23.Nd4 g6 24.Rg1 Kf7 25.Qg2 Ne6 26.Nxe6 Rxe6 27.Ne2 Re7 28.Bc5 Rd7 29.Bd6 Re8
30.Nd4 Rdd8 31.Nf3 Qh5 32.c4 h6 33.c5 Kg7 34.Nd4 Kh7 35.e6 Rg8 36.e7 Rde8
37.Ne6 g5 38.Nf8+  1-0

[Event "JUG-chT playoff"]
[Site "Vrnjacka Banja"]
[Date "1999.08.30"]
[Round "2"]
[White "Vukic, Milan"]
[Black "Pajkovic, Vladimir"]
[Result "1/2-1/2"]
[WhiteElo "2495"]
[BlackElo "2430"]

1.Nf3 d5 2.g3 Nc6 3.d4 Bg4 4.Bg2 Qd7 5.O-O O-O-O 6.c3 f6 7.b4 e5 8.b5 Nb8
9.dxe5 Qxb5 10.exf6 Nxf6 11.a4 Qa6 12.Be3 Nc6 13.Na3 Bxa3 14.Rxa3 Rhe8 15.h3 Bf5
16.Nd4  1/2-1/2

[Event "JUG-chT playoff"]
[Site "Vrnjacka Banja"]
[Date "1999.08.31"]
[Round "3"]
[White "Vukic, Milan"]
[Black "Blagojevic, Dragisa"]
[Result "1/2-1/2"]
[WhiteElo "2495"]
[BlackElo "2446"]

1.Nf3 d5 2.g3 g6 3.c4 c6 4.cxd5 cxd5 5.Bg2 Bg7 6.d4 Nc6 7.Nc3 e6 8.h4 h6
9.Bf4 Qb6 10.Na4 Qb4+ 11.Bd2 Qe7 12.e3 Nf6 13.Ne5 Nxe5 14.dxe5 Ne4 15.Bxe4 dxe4
16.Qb3 Qd7 17.Rd1 Qd5 18.Qb4 Bf8 19.Qd4 Qxd4 20.exd4 Bd7 21.Nc3 Bc6 22.O-O Rd8
23.Be3 Bb4 24.Rc1 Bxc3  1/2-1/2

[Event "KGSRL Masters 2nd"]
[Site "Gent"]
[Date "1999.09.05"]
[Round "2"]
[White "Schebler, Gerhard"]
[Black "Tabak, Stefan"]
[Result "1-0"]
[WhiteElo "2443"]
[BlackElo "2111"]

1.Nf3 d5 2.g3 c6 3.Bg2 Bg4 4.c4 e6 5.cxd5 exd5 6.Qb3 Qb6 7.Qc2 Bd6 8.O-O Nf6
9.Nc3 O-O 10.d3 Nbd7 11.e4 Rfe8 12.Be3 Qa5 13.a3 dxe4 14.Nxe4 Bf8 15.h3 Bh5
16.b4 Qd8 17.Nd4 Nd5 18.Bg5 f6 19.Bd2 Bg6 20.Nb3 Rc8 21.Na5 Qc7 22.Rac1 f5
23.Ng5 N7f6 24.Rfe1 Qd7 25.Nc4 h6 26.Nf3 Bd6 27.Nfe5 Bxe5 28.Nxe5 Rxe5 29.Rxe5 f4
30.Bxf4 Nxf4 31.Qc4+ Bf7 32.Qxf4 Qxd3 33.Qe3 Rd8 34.Qxa7 Nd5 35.Rce1 b5 36.Be4 Qc3
37.Bh7+ Kxh7 38.Qxf7 Qc2 39.Re8 Rxe8 40.Rxe8 Qc1+ 41.Kh2 Qc2 42.Kg2  1-0

[Event "CRO-chT"]
[Site "Pula"]
[Date "1999.09.09"]
[Round "1"]
[White "Komljenovic, Davor"]
[Black "Kovacevic, Vlatko"]
[Result "1-0"]
[WhiteElo "2476"]
[BlackElo "2492"]

1.Nf3 d5 2.g3 c6 3.Bg2 Bg4 4.b3 Nd7 5.Bb2 e6 6.d3 Ngf6 7.Nbd2 a5 8.a3 Bc5
9.h3 Bxf3 10.Nxf3 b5 11.O-O b4 12.axb4 axb4 13.Nd4 Rc8 14.Ra6 Nb8 15.Ra4 O-O
16.e3 Be7 17.Qe2 Nfd7 18.Nf3 c5 19.e4 Bf6 20.Bxf6 Qxf6 21.exd5 exd5 22.Re1 Nc6
23.h4 Rc7 24.Qe3 h6 25.Bh3 d4 26.Qe4 Nb6 27.Ra6 Re7 28.Qf5 Rxe1+ 29.Nxe1 Qxf5
30.Bxf5 Rb8 31.Nf3 Ne7 32.Bh3 Rb7 33.Ne5 f6 34.Be6+ Kh7 35.Nf7 h5 36.Nd6 Rb8
37.Ra5 Ra8 38.Rxc5 Ra1+ 39.Kg2  1-0

[Event "CRO-chT"]
[Site "Pula"]
[Date "1999.09.10"]
[Round "2"]
[White "Bilobrk, Franjo"]
[Black "Lazovic, Gordan"]
[Result "1/2-1/2"]
[WhiteElo "2369"]
[BlackElo "2319"]

1.Nf3 d5 2.g3 g6 3.Bg2 Bg7 4.O-O e5 5.d3 Ne7 6.Nbd2 O-O 7.e4 Nbc6 8.a4 a5
9.exd5 Nxd5 10.Ne4 h6 11.Re1 Re8 12.Bd2 Bf5 13.Nh4 Be6 14.Nf3 Bf5 15.Nh4 Be6
16.Nf3  1/2-1/2

[Event "CRO-chT"]
[Site "Pula"]
[Date "1999.09.12"]
[Round "4"]
[White "Sale, Srdjan"]
[Black "Dumpor, Atif"]
[Result "1-0"]
[WhiteElo "2420"]
[BlackElo "2330"]

1.Nf3 d5 2.g3 Nf6 3.Bg2 Bf5 4.c4 c6 5.cxd5 Nxd5 6.Nc3 e6 7.Qb3 Qb6 8.Ne5 Qxb3
9.axb3 Nb4 10.O-O f6 11.Nc4 N8a6 12.d4 O-O-O 13.e4 Bg6 14.Bh3 Bf7 15.Be3 Kb8
16.Rfc1 h5 17.Bf1 Be7 18.Na5 Nc7 19.d5 c5 20.dxe6 Bxe6 21.Bg2 b6 22.Nc4 Nd3
23.Rc2 h4 24.f4 hxg3 25.hxg3 g5 26.Rd2 gxf4 27.gxf4 Rhg8 28.Kf1 Bg4 29.Nd5 Nxd5
30.exd5 Bf5 31.Rad1 Rxg2 32.Rxg2 Rxd5 33.Rg7 Bd8 34.Bf2 Bh3+ 35.Kg1 Bf5 36.Ne3 Nxf2
37.Rxd5 Nh3+ 38.Kh2 Bc7 39.Rxf5 Nxf4 40.Rxc7  1-0

[Event "Budapest FS09 IM-A"]
[Site "Budapest"]
[Date "1999.09.13"]
[Round "10"]
[White "Boros, Daniel"]
[Black "Szuk, Balazs"]
[Result "1/2-1/2"]
[WhiteElo "2292"]
[BlackElo "2374"]

1.Nf3 d5 2.g3 c6 3.Bg2 Nf6 4.O-O Bg4 5.d3 Nbd7 6.Nbd2 e6 7.h3 Bxf3 8.Nxf3 Bd6
9.Re1 O-O 10.e4 Qc7 11.c3 Rad8  1/2-1/2

[Event "CRO-chT"]
[Site "Pula"]
[Date "1999.09.14"]
[Round "5"]
[White "Galic, Zeljko"]
[Black "Dabo Peranic, Robert"]
[Result "1/2-1/2"]
[WhiteElo "2394"]
[BlackElo "2282"]

1.Nf3 d5 2.g3 g6 3.c4 d4 4.d3 Nc6 5.Bg2 Bg7 6.O-O e5 7.Na3 Nge7 8.Nc2 a5
9.Rb1 O-O 10.b3 Bf5 11.a3 Qc8 12.Re1 Bh3 13.Bh1 h6 14.b4 a4 15.b5 Nd8 16.Bd2 f5
17.Bb4 Rf7 18.Bxe7 Rxe7 19.e3 dxe3 20.Nxe3 c6 21.bxc6 bxc6 22.c5 Ra5 23.Nc4 Rxc5
24.Qxa4 Qd7 25.Qb3 Kh7 26.a4 Qa7 27.Qb8 Nf7 28.Qb4 Rd5 29.Nb6 Rb7 30.Nxd5 Rxb4
31.Nxb4 Qxa4 32.Rec1 Nd8 33.Nd2 Qb5 34.Rc4 c5 35.Nc6 Qa6 36.Nxd8 Qa2 37.Rd1 e4
38.dxe4 Bd4 39.Bf3 fxe4 40.Bxe4 Bg4 41.Rc2 Qg8 42.Bf3 Bf5 43.Be4 Bg4 44.Bf3 Bf5
45.Be4  1/2-1/2

[Event "CRO-chT"]
[Site "Pula"]
[Date "1999.09.14"]
[Round "5"]
[White "Petrovic, Silvije"]
[Black "Kljako, Damir"]
[Result "1/2-1/2"]
[WhiteElo "2170"]
[BlackElo "2253"]

1.Nf3 d5 2.g3 c6 3.Bg2 Bg4 4.O-O Nd7 5.d4 e6 6.Nbd2 Ngf6 7.Re1 Be7 8.e4 O-O
9.e5 Ne8 10.h3 Bxf3 11.Nxf3 c5 12.h4 Nc7 13.h5 Re8 14.c3 Nb8 15.Bf4 Nc6 16.Bf1 c4
17.Qd2 b5 18.g4 b4 19.g5 bxc3 20.bxc3 Bf8 21.Nh2 Ne7 22.Ng4 Kh8 23.h6 Ng6
24.hxg7+ Bxg7 25.Bg3 Rg8 26.Rab1 Rb8 27.Nf6 Bxf6 28.exf6 Qd7 29.Bh3 Rb5 30.Kg2 Ne8
31.Qe2 Rxb1 32.Rxb1 h6 33.Qh5 Nxf6 34.Qxh6+ Nh7 35.Bg4 Qe7 36.Rh1 Rg7 37.Bh5 Kg8
38.Bxg6 fxg6 39.Be5 Qxg5+ 40.Qxg5 Nxg5 41.Bxg7 Kxg7 42.f3 Nf7 43.Rb1 Nd6
44.a4 Kf6 45.a5 e5 46.dxe5+ Kxe5 47.Kf2 d4 48.cxd4+ Kxd4 49.Rd1+ Kc5 50.Rg1 c3
51.Rxg6 c2 52.Rg1 Kd4 53.Ke2 Kc3 54.f4 a6 55.Rf1 Nf5 56.Rg1 Kb2 57.Kd2 Nd4
58.Rf1 Nb3+ 59.Kd3 c1=Q 60.Rxc1 Kxc1 61.f5 Nxa5 62.f6 Nc6 63.Kc4 Kb2 64.Kc5 Ne5
65.Kb6 Nd7+ 66.Kxa6 Nxf6  1/2-1/2

[Event "POR-ch"]
[Site "Lisbon"]
[Date "1999.09.16"]
[Round "9"]
[White "Dias, Paulo"]
[Black "Frois, Antonio"]
[Result "1-0"]
[WhiteElo "2207"]
[BlackElo "2397"]

1.Nf3 d5 2.g3 c6 3.Bg2 Nf6 4.d4 Bg4 5.O-O e6 6.b3 Be7 7.Bb2 O-O 8.c4 Nbd7
9.Nbd2 Bxf3 10.Bxf3 Bd6 11.e4 dxe4 12.Nxe4 Nxe4 13.Bxe4 Re8 14.Re1 Qa5 15.a3 Nf6
16.b4 Qg5 17.Bc1 Qh5 18.Qxh5 Nxh5 19.b5 Rac8 20.Rb1 Nf6 21.Bf3 Bb8 22.bxc6 bxc6
23.Be3 Nd7 24.Rb7 Nb6 25.c5 Nc4 26.a4 Kf8 27.Reb1 Na5 28.Rd7 Re7 29.Rxe7 Kxe7
30.Bd2 Nc4 31.Bc3 e5 32.d5 e4 33.Bxe4 cxd5 34.Bxd5 Be5 35.Rb7+ Ke8 36.Bxf7+ Kf8
37.Bb4 a5 38.Be1 Rxc5 39.Bxc4 Rxc4 40.Rb5 Bd4 41.Rf5+ Bf6 42.Rf4 Rxf4 43.gxf4 Bd8
44.f5 Kf7 45.Bc3 g6 46.f6 Bxf6 47.Bxa5  1-0

[Event "CRO-chT"]
[Site "Pula"]
[Date "1999.09.16"]
[Round "7"]
[White "Galic, Zeljko"]
[Black "Mufic, Goran"]
[Result "1-0"]
[WhiteElo "2394"]
[BlackElo "2363"]

1.Nf3 d5 2.g3 c6 3.Bg2 Nf6 4.O-O Bf5 5.b3 e6 6.Bb2 Be7 7.d3 O-O 8.Nbd2 Nbd7
9.Re1 h6 10.e4 Bh7 11.Qe2 a5 12.a3 b5 13.e5 Ne8 14.Nd4 Qb6 15.Qg4 Nc7 16.a4 bxa4
17.Rxa4 Bb4 18.N4f3 Bc5 19.Re2 Na6 20.Nf1 Nb4 21.Bc1 Kh8 22.Qh4 Rae8 23.g4 f6
24.exf6 Nxf6 25.g5 hxg5 26.Nxg5 e5 27.Ne3 Kg8 28.Ng4 Bg6 29.Nxe5 Rxe5 30.Rxe5 Bxf2+
31.Qxf2 Qxf2+ 32.Kxf2 Ng4+ 33.Kg3 Nxe5 34.Bf4 Re8 35.d4 Nd7 36.c3 Nd3 37.Rxa5 Nf6
38.Bf3 Ne1 39.Ra6 Nxf3 40.Kxf3 Bc2 41.Be5 Bxb3 42.Rxc6 Nh7 43.Nh3 Re7 44.Nf4 Ng5+
45.Ke3 Kf7 46.Rb6 Bc4 47.Rd6 Ne4 48.Rxd5 Nxc3 49.Rc5 Nd1+ 50.Kd2 Bb3 51.Rb5 Bc4
52.Rb4  1-0

[Event "CRO-chT"]
[Site "Pula"]
[Date "1999.09.16"]
[Round "7"]
[White "Dizdarevic, Emir"]
[Black "Petrov, Jole"]
[Result "1-0"]
[WhiteElo "2527"]
[BlackElo "2419"]

1.Nf3 d5 2.g3 c6 3.Bg2 Bg4 4.c4 e6 5.cxd5 Bxf3 6.Bxf3 cxd5 7.O-O Nf6 8.d3 Be7
9.Nc3 Nc6 10.Bd2 O-O 11.Bg2 Rc8 12.a3 a6 13.b4 b5 14.Qb3 Qd7 15.Rfc1 Rc7
16.Qd1 Rfc8 17.Rab1 Bd6 18.Na2 Nd4 19.e3 Nc6 20.Rc2 Ne5 21.Rxc7 Rxc7 22.Bc3 Qc8
23.Rc1 Nfd7 24.Bb2 Nc6 25.Rc2 Be5 26.Bc1 Bf6 27.Bd2 Nce5 28.Rxc7 Qxc7 29.Qb1 Nb6
30.Nc1 Na4 31.Be1 Nd7 32.d4 Ndb6 33.Nd3 Nc4 34.Qb3 Qc6 35.Nc5 Nxc5 36.dxc5 e5
37.Bc3 e4 38.Bf1 Bxc3 39.Qxc3 f6 40.a4 h5 41.axb5 axb5 42.Qa1 h4 43.Qa7 hxg3
44.hxg3 f5 45.Be2 Kh7 46.Qf7 Qa8 47.Qxf5+ g6 48.Qf7+ Kh6 49.Qf6 Kh7 50.c6 Qa3
51.Qf7+ Kh6 52.Qf8+ Kh7 53.Bxc4  1-0

[Event "CRO-chT"]
[Site "Pula"]
[Date "1999.09.17"]
[Round "8"]
[White "Ruck, Robert"]
[Black "Gyimesi, Zoltan"]
[Result "1/2-1/2"]
[WhiteElo "2485"]
[BlackElo "2531"]

1.Nf3 d5 2.g3 c6 3.Bg2 Bg4 4.O-O Nd7 5.b3 Ngf6 6.Bb2 e6 7.d3 Bd6 8.Nbd2 Qe7
9.a3 O-O 10.Qe1 e5 11.e4 dxe4 12.dxe4 Ne8  1/2-1/2

[Event "CRO-chT"]
[Site "Pula"]
[Date "1999.09.18"]
[Round "9"]
[White "Gyorkos, Lajos"]
[Black "Glavas, Dragan"]
[Result "0-1"]
[WhiteElo "2424"]
[BlackElo "2261"]

1.Nf3 d5 2.g3 c6 3.Bg2 Nd7 4.d4 e6 5.O-O f5 6.b3 Ngf6 7.c4 Ne4 8.Qc2 Bb4
9.Ne5 O-O 10.Nd3 Be7 11.Ba3 Bxa3 12.Nxa3 Qa5 13.Nb1 Ndf6 14.a4 Bd7 15.f3 Nd6
16.Nd2 Qc7 17.Rfe1 Be8 18.b4 g5 19.cxd5 exd5 20.b5 Rc8 21.bxc6 Bxc6 22.Qb3 Kh8
23.Ne5 Qa5 24.Qa2 Qb4 25.Nb3 Nc4 26.Nd3 Qe7 27.e3 Rce8 28.Nd2 Nxe3 29.Nf1 f4
30.Nxe3 fxe3 31.Qb2 Nd7 32.Qc3 Qg7 33.Nb4 Nb6 34.Nxc6 bxc6 35.Qxc6 Qxd4 36.Rad1 Qb4
37.Qb5 Qxb5 38.axb5 Re5 39.Rd3 Nc4 40.Rd4 Na3 41.f4 gxf4 42.gxf4 Ref5 43.Rxd5 Rxd5
44.Bxd5 Nc2 45.Re2 Re8 46.Bc6 Nd4 47.Re1 Re7 48.Kf1 a6 49.Rb1 e2+ 50.Kf2 axb5  0-1

[Event "Wch U20 Girls"]
[Site "Yerevan"]
[Date "1999.09.20"]
[Round "3"]
[White "Tsitaishvili, N."]
[Black "Navabi, Shirin"]
[Result "1/2-1/2"]
[WhiteElo "2142"]
[BlackElo "2029"]

1.Nf3 d5 2.g3 g6 3.Bg2 Bg7 4.d4 Nf6 5.c4 c6 6.cxd5 cxd5 7.Nc3 Nc6 8.O-O O-O
9.Ne5 Nxe5 10.dxe5 Ng4 11.Qxd5 Nxe5 12.Bg5 Nc6 13.Qxd8 Rxd8 14.Rfd1 Bg4 15.h3 Bxc3
16.bxc3 Bxe2 17.Re1 Bc4 18.Bxc6 bxc6 19.Rxe7 Re8 20.Rc7 Rec8 21.Rxc8+ Rxc8
22.Be3 a6 23.a4 Rb8 24.Bd4 Rb2 25.a5 Kf8 26.Bc5+ Ke8 27.g4 Ra2 28.Rxa2 Bxa2
29.Kg2 Bd5+ 30.Kg3 Kd7 31.Kf4 f6 32.h4 Ke6 33.Bf8  1/2-1/2

[Event "Paks 09 GM"]
[Site "Paks"]
[Date "1999.09.22"]
[Round "2"]
[White "Ruck, Robert"]
[Black "Varga, Peter"]
[Result "1/2-1/2"]
[WhiteElo "2485"]
[BlackElo "2491"]

1.Nf3 d5 2.g3 c6 3.Bg2 Nf6 4.O-O e6 5.d4 Nbd7 6.Nbd2 b6 7.Re1 Bb7 8.e4 dxe4
9.Nxe4 Nxe4 10.Rxe4 c5 11.Re1 Be7 12.Bf4 O-O 13.dxc5 Nxc5 14.Ne5 Qc8 15.Qe2 Bxg2
16.Kxg2 f6 17.Nd3 e5 18.Nxc5  1/2-1/2

[Event "Paks 09 GM"]
[Site "Paks"]
[Date "1999.09.22"]
[Round "2"]
[White "Vaulin, Alexander"]
[Black "Acs, Peter"]
[Result "1/2-1/2"]
[WhiteElo "2492"]
[BlackElo "2525"]

1.Nf3 d5 2.g3 Nf6 3.Bg2 c6 4.O-O Bg4 5.d4 e6 6.Nbd2 Nbd7 7.Re1 Be7 8.e4 O-O
9.c3 c5 10.exd5 Nxd5 11.Ne4 Re8 12.dxc5 Nxc5 13.Nxc5 Bxc5 14.Qb3 Qf6 15.Bg5 Qg6
16.Bd2 Qd3 17.Qd1 f6 18.h3 Bh5 19.g4 Bg6 20.Bf1 Qc2 21.Qxc2 Bxc2 22.b4 Bd6
23.Nd4 Bg6 24.Rxe6 Rxe6 25.Nxe6 Bf7 26.Nd4 Be5 27.Ne2 g5 28.Rc1 Rd8 29.Ng3 Nxb4
30.cxb4 Rxd2 31.Rc8+ Kg7 32.Nf5+ Kg6 33.Ne7+ Kg7 34.Nf5+  1/2-1/2

[Event "Wch U20 Girls"]
[Site "Yerevan"]
[Date "1999.09.23"]
[Round "6"]
[White "Goletiani, Rusudan"]
[Black "Tkeshelashvili, Sofia"]
[Result "1/2-1/2"]
[WhiteElo "2386"]
[BlackElo "2284"]

1.Nf3 d5 2.g3 Nf6 3.Bg2 Bg4 4.b3 c6 5.Bb2 Nbd7 6.O-O e6 7.d3 Bd6 8.Nbd2 O-O
9.h3 Bh5 10.Qe1 Re8 11.e4 e5 12.Nh4 a5 13.a3 Bc5 14.Kh1 Nf8 15.Ndf3 dxe4
16.dxe4 Qc7 17.b4 Bd6 18.Nf5 axb4 19.axb4 Rxa1 20.Bxa1 Bxf3 21.Bxf3 Ne6 22.Bg2 Bf8
23.Qc3 Nd7 24.Rd1 Ra8 25.f4 Ra4 26.fxe5 Bxb4 27.Qb3 b5 28.Nd6 Bc5 29.Qf3 Ndf8
30.Qg4 Ra7 31.h4 Qb8 32.h5 Be3 33.Rf1 Bg5 34.Qf5 Qc7 35.Bc3 h6 36.Qf2 Qd7
37.Qg1 Nd8 38.Kh2 Ra2 39.Qf2 Qg4 40.Bh3 Qxh5 41.Kg2 Ra3 42.Qc5 Ra2 43.Qf2 Ra3
44.Qc5  1/2-1/2

[Event "Popel mem 2nd"]
[Site "Lvov"]
[Date "1999.09.24"]
[Round "3"]
[White "Maksimenko, Andrei"]
[Black "Polajzer, Danilo"]
[Result "1-0"]
[WhiteElo "2515"]
[BlackElo "2399"]

1.Nf3 d5 2.g3 Nf6 3.Bg2 g6 4.d4 Bg7 5.O-O O-O 6.c4 dxc4 7.Na3 c3 8.bxc3 c5
9.e3 Nc6 10.Bb2 Bg4 11.h3 Bxf3 12.Qxf3 e6 13.Rfd1 Qa5 14.Nc4 Qa4 15.Nd6 Na5
16.Qe2 Rab8 17.dxc5 Nd7 18.Qb5 Qxb5 19.Nxb5 Nxc5 20.Ba3 b6 21.Nxa7 Rfd8 22.Bb4 Na4
23.Nb5 Rbc8 24.Bf3 Rxd1+ 25.Rxd1 Bf6 26.Rd3 Nc4 27.Na7 Rc7 28.Nb5 Ne5 29.Nxc7 Nxd3
30.Be2 Nc1 31.Bc4 Nxc3 32.Bxc3 Bxc3 33.f4 Kf8 34.Kf2 Ke7 35.Nb5 Bd2 36.a4 Kd7
37.g4 Kc6 38.Nd4+ Kc5 39.Bb5 Bc3 40.Nf3 h6 41.Be8 Nd3+ 42.Ke2 Nb2 43.Bxf7 Nxa4
44.Bxe6 Bf6 45.g5 hxg5 46.fxg5 Kd6 47.Bf7  1-0

[Event "Paks 09 GM"]
[Site "Paks"]
[Date "1999.09.24"]
[Round "4"]
[White "Ruck, Robert"]
[Black "Rogic, Davor"]
[Result "1/2-1/2"]
[WhiteElo "2485"]
[BlackElo "2505"]

1.Nf3 d5 2.g3 Bg4 3.Bg2 c6 4.b3 Nd7 5.Bb2 Ngf6 6.O-O e6 7.d3 Be7 8.Nbd2 O-O
9.e4 dxe4 10.dxe4 e5 11.Qe1 Qc7 12.Nc4 Bxf3 13.Bxf3 a5 14.a3 Rfe8 15.Qe2 Bf8
16.Rad1 b5 17.Ne3 Nc5 18.Ng4 Nfd7 19.Rd2 Nb6 20.Ne3 Ne6 21.c3 Nc5 22.b4 Nb7
23.Rfd1 Nd6 24.Bg2 Ra7 25.Rd3 Nbc4 26.Bc1 axb4 27.axb4 Qc8 28.Nxc4 Nxc4 29.h4 c5
30.bxc5 Bxc5 31.Rd5 Nb6 32.R5d3 Nc4 33.Rd5 Nb6 34.R5d2 Nc4 35.Rd5  1/2-1/2